Gentilé des départements des Hauts de France - Statistiques

Statistiques générales
  • Ce quiz a été pris 11 fois
  • Le résultat moyen est 2 sur 5
Statistiques - réponses
Hint Réponse % Correct
Nord Nordistes
89%
Pas-de-Calais Pas-de-Calaisiens
67%
Somme Samariens
11%
Aisne Axonais
0%
Oise Isariens
0%
Aucun quiz correspondant
Distribution des résultats
% des personnes avec chaque résultat
Percentile par nombre de réponses
Votre historique - résultats
Vous n’avez pas pris ce quiz